| 000 | 01002nas a2200313 4500 | ||
|---|---|---|---|
| 001 | BR6600446 | ||
| 003 | BR-BrBNA | ||
| 005 | 20231205082232.0 | ||
| 007 | ta | ||
| 008 | 230509b bl.|||p| |||| 00| 00por d | ||
| 040 |
_aBR-BrBNA _bpor _cBiblioteca Nacional de Agricultura |
||
| 041 | _a(Pt) | ||
| 072 | _aF61 | ||
| 100 | 1 | _aSurruge, J.R. | |
| 100 | 1 | _aAndrade, R.G. | |
| 100 | 1 | _aGomes, L. | |
| 100 | 1 | _aArzolla, S. | |
| 100 | 1 | _aGraner, E.A. | |
| 100 | 1 | _aMalavolta, E. | |
| 245 | 1 | _aEstudos sobre a alimentacao mineral do cafeeiro. 19: extracao de micronutrientes na colheita pelas variedades "Mundo novo", "Caturra Amarelo" e "Baurbon Amarelo" | |
| 650 | _aCAFE | ||
| 650 | _aNUTRIENTE MINERAL | ||
| 650 | _aNUTRICAO VEGETAL | ||
| 650 | _aMICROELEMENTO | ||
| 650 | _aVARIEDADE | ||
| 773 | 0 |
_tAnais da Escola Superior de Agricultura Luiz de Queiroz (Brazil) _xISSN 0071-1276 _g(1966), v. 23 p. 85-93 _wBR6600446 |
|
| 909 |
_a202311 _bLúcia _c55 _dLúcia Elande |
||
| 942 |
_2AGRIS _n0 _cANA |
||
| 999 |
_c90200 _d90200 |
||